[Event "Mitropa Cup 31st"]
[Site "Sibenik"]
[Date "2012.06.07"]
[Round "8"]
[White "Godena, Michele"]
[Black "Sermier, Guillaume"]
[Result "1/2-1/2"]
[WhiteElo "2521"]
[BlackElo "2411"]
[PlyCount "105"]
[EventDate "2012.05.31"]
[EventType "team-tourn"]
[EventRounds "9"]
[EventCountry "CRO"]
[Source "ChessBase"]
[SourceDate "2012.06.22"]
[WhiteTeam "Italy"]
[BlackTeam "Switzerland"]
[WhiteTeamCountry "ITA"]
[BlackTeamCountry "SUI"]

1. e4 Nf6 2. e5 Nd5 3. d4 d6 4. Nf3 Bg4 5. Be2 e6 6. O-O Be7 7. h3 Bh5 8. c4
Nb6 9. Be3 Nc6 10. exd6 cxd6 11. Qb3 O-O 12. Nbd2 Rc8 13. Rac1 Bf6 14. Rfe1 Bg6
15. d5 exd5 16. cxd5 Ne7 17. Rxc8 Qxc8 18. Bxb6 axb6 19. Bd3 Bxd3 20. Qxd3 Qf5
21. Qxf5 Nxf5 22. Ne4 Bxb2 23. Rb1 Ba3 24. Rxb6 Ne7 25. Rxb7 Nxd5 26. Ra7 Bb4
27. a3 f5 28. axb4 fxe4 29. Nd4 Rf7 30. Ra8+ Rf8 31. Ra7 Rf7 32. Ra8+ Rf8 33.
Rxf8+ Kxf8 34. Nf5 Nxb4 35. Nxd6 Nd5 36. Nxe4 h6 37. h4 Kf7 38. g3 Ke6 39. Kg2
Kf5 40. Kf3 Ne7 41. g4+ Ke5 42. Nc5 g6 43. Nd3+ Kd4 44. Nf4 Ke5 45. Nd3+ Kd4
46. Nf4 Ke5 47. Ke3 h5 48. Nd3+ Kf6 49. f3 g5 50. gxh5 Nf5+ 51. Kf2 gxh4 52. f4
Ng3 53. Kg2 1/2-1/2

[Event "Mitropa Cup 31st"]
[Site "Sibenik"]
[Date "2012.06.07"]
[Round "8"]
[White "Zueger, Beat"]
[Black "Brunello, Sabino"]
[Result "0-1"]
[WhiteElo "2413"]
[BlackElo "2592"]
[PlyCount "74"]
[EventDate "2012.05.31"]
[EventType "team-tourn"]
[EventRounds "9"]
[EventCountry "CRO"]
[Source "ChessBase"]
[SourceDate "2012.06.22"]
[WhiteTeam "Switzerland"]
[BlackTeam "Italy"]
[WhiteTeamCountry "SUI"]
[BlackTeamCountry "ITA"]

1. g3 e5 2. c4 d6 3. Bg2 f5 4. d4 Be7 5. dxe5 dxe5 6. Qxd8+ Bxd8 7. b3 e4 8.
Bb2 Nf6 9. f3 O-O 10. Nc3 Re8 11. fxe4 fxe4 12. Nh3 c6 13. Nf2 Bf5 14. O-O Nbd7
15. e3 Bb6 16. Nfd1 Bg6 17. Na4 Bc7 18. Nf2 b5 19. cxb5 cxb5 20. Nc3 a6 21.
Rad1 Nb6 22. Ne2 Nbd5 23. Bxf6 Nxf6 24. Nd4 Bb6 25. Bh3 Bh5 26. g4 Bg6 27. Bg2
Rac8 28. h4 Nd5 29. h5 Bf7 30. Nf5 Nxe3 31. Nxe3 Bxe3 32. Rfe1 Rc3 33. Re2 Be6
34. Rd6 Bc5 35. Rxa6 e3 36. Ne4 Rc1+ 37. Bf1 Bxg4 0-1

[Event "Mitropa Cup 31st"]
[Site "Sibenik"]
[Date "2012.06.07"]
[Round "8"]
[White "Borisek, Jure"]
[Black "Mazur, Stefan"]
[Result "1-0"]
[WhiteElo "2539"]
[BlackElo "2391"]
[PlyCount "59"]
[EventDate "2012.05.31"]
[EventType "team-tourn"]
[EventRounds "9"]
[EventCountry "CRO"]
[Source "ChessBase"]
[SourceDate "2012.06.22"]
[WhiteTeam "Slovenia"]
[BlackTeam "Slovakia"]
[WhiteTeamCountry "SLO"]
[BlackTeamCountry "SVK"]

1. e4 e5 2. Nf3 Nc6 3. Bc4 Nf6 4. Ng5 d5 5. exd5 Na5 6. Bb5+ Bd7 7. Qe2 Be7 8.
Nc3 O-O 9. Bxd7 Qxd7 10. O-O Rfe8 11. Qxe5 Bd6 12. Qd4 Nc6 13. Qa4 Nb4 14. Qb3
a5 15. a4 h6 16. Nf3 Qf5 17. d3 Qh5 18. Nb5 Re2 19. Nxd6 cxd6 20. Bd2 Nfxd5 21.
Rae1 Rae8 22. Rxe2 Rxe2 23. c4 Rxd2 24. Nxd2 Nf4 25. Qd1 Ne2+ 26. Kh1 Nxd3 27.
Qb3 Qf5 28. Qb6 Nef4 29. Qxb7 Qe5 30. Qa8+ 1-0

[Event "Mitropa Cup 31st"]
[Site "Sibenik"]
[Date "2012.06.07"]
[Round "8"]
[White "Lenic, Luka"]
[Black "Jurcik, Marian"]
[Result "1/2-1/2"]
[WhiteElo "2632"]
[BlackElo "2491"]
[PlyCount "38"]
[EventDate "2012.05.31"]
[EventType "team-tourn"]
[EventRounds "9"]
[EventCountry "CRO"]
[Source "ChessBase"]
[SourceDate "2012.06.22"]
[WhiteTeam "Slovenia"]
[BlackTeam "Slovakia"]
[WhiteTeamCountry "SLO"]
[BlackTeamCountry "SVK"]

1. Nf3 c5 2. c4 Nc6 3. d4 cxd4 4. Nxd4 Nf6 5. Nc3 e6 6. a3 Nxd4 7. Qxd4 b6 8.
Qf4 Bc5 9. e4 d6 10. Bd3 O-O 11. O-O Bb7 12. Qg3 Nd7 13. Ne2 a5 14. b3 Ne5 15.
Bb2 Qf6 16. Bc3 Qg6 17. Qxg6 hxg6 18. Bc2 Nc6 19. Rfd1 e5 1/2-1/2

[Event "Mitropa Cup 31st"]
[Site "Sibenik"]
[Date "2012.06.07"]
[Round "8"]
[White "Pacher, Milan"]
[Black "Sebenik, Matej"]
[Result "1-0"]
[WhiteElo "2440"]
[BlackElo "2573"]
[PlyCount "89"]
[EventDate "2012.05.31"]
[EventType "team-tourn"]
[EventRounds "9"]
[EventCountry "CRO"]
[Source "ChessBase"]
[SourceDate "2012.06.22"]
[WhiteTeam "Slovakia"]
[BlackTeam "Slovenia"]
[WhiteTeamCountry "SVK"]
[BlackTeamCountry "SLO"]

1. c4 c5 2. g3 g6 3. Bg2 Bg7 4. Nc3 Nc6 5. Nf3 d6 6. O-O Nf6 7. d4 cxd4 8. Nxd4
Bd7 9. Nc2 O-O 10. b3 Qa5 11. Bb2 Rac8 12. Ne3 Qh5 13. Qd2 Ng4 14. Nxg4 Bxg4
15. Nd5 Bxb2 16. Qxb2 Qe5 17. Qxe5 dxe5 18. e3 Be6 19. Rfd1 f5 20. Rd2 Kf7 21.
Rad1 Rfd8 22. f4 e4 23. Bf1 Bxd5 24. Rxd5 Rxd5 25. Rxd5 Rc7 26. Kf2 e6 27. Rd2
b6 28. Be2 Ke7 29. g4 h6 30. h4 Rd7 31. Rxd7+ Kxd7 32. g5 hxg5 33. fxg5 e5 34.
c5 Ke7 35. Bb5 Nb4 36. a3 Nd5 37. Bc4 Nc7 38. cxb6 axb6 39. a4 f4 40. b4 Ne8
41. a5 bxa5 42. bxa5 Nd6 43. Bd5 Nf5 44. a6 Nxe3 45. Bxe4 1-0

[Event "Mitropa Cup 31st"]
[Site "Sibenik"]
[Date "2012.06.07"]
[Round "8"]
[White "Straka, Josef Jr"]
[Black "Skoberne, Jure"]
[Result "1/2-1/2"]
[WhiteElo "2373"]
[BlackElo "2535"]
[PlyCount "85"]
[EventDate "2012.05.31"]
[EventType "team-tourn"]
[EventRounds "9"]
[EventCountry "CRO"]
[Source "ChessBase"]
[SourceDate "2012.06.22"]
[WhiteTeam "Slovakia"]
[BlackTeam "Slovenia"]
[WhiteTeamCountry "SVK"]
[BlackTeamCountry "SLO"]

1. d4 Nf6 2. Nf3 g6 3. g3 Bg7 4. Bg2 O-O 5. O-O d6 6. Nc3 Nbd7 7. e4 e5 8. dxe5
dxe5 9. Qe2 c6 10. Rd1 Re8 11. b3 Qa5 12. Bb2 Nf8 13. h3 Ne6 14. a3 Nd7 15. b4
Qc7 16. Nb1 Nb6 17. Nbd2 Na4 18. Rab1 Nd4 19. Qd3 Be6 20. Nb3 Rad8 21. Nfxd4
Nxb2 22. Rxb2 exd4 23. f4 b6 24. Nd2 c5 25. bxc5 Qxc5 26. e5 Qc8 27. Ne4 Bxh3
28. Bxh3 Qxh3 29. c3 f6 30. exf6 Rxe4 31. Qxe4 Bxf6 32. cxd4 Qxg3+ 33. Rg2 Qxa3
34. f5 g5 35. d5 Kf8 36. d6 Qc5+ 37. Kh1 Rxd6 38. Qa8+ Kf7 39. Qxa7+ Be7 40.
Qa2+ Kg7 41. Qa1+ Kf7 42. Qa2+ Kg7 43. Qa1+ 1/2-1/2

[Event "Mitropa Cup 31st"]
[Site "Sibenik"]
[Date "2012.06.08"]
[Round "9"]
[White "Erdos, Viktor"]
[Black "Shengelia, Davit"]
[Result "1/2-1/2"]
[WhiteElo "2624"]
[BlackElo "2551"]
[PlyCount "22"]
[EventDate "2012.05.31"]
[EventType "team-tourn"]
[EventRounds "9"]
[EventCountry "CRO"]
[Source "ChessBase"]
[SourceDate "2012.06.22"]
[WhiteTeam "Hungary"]
[BlackTeam "Austria"]
[WhiteTeamCountry "HUN"]
[BlackTeamCountry "AUT"]

1. d4 d5 2. Nf3 Nf6 3. c4 c6 4. Nc3 dxc4 5. a4 Bf5 6. e3 e6 7. Bxc4 Bb4 8. O-O
O-O 9. Qe2 Bg6 10. Ne5 Nbd7 11. Nxg6 hxg6 1/2-1/2

[Event "Mitropa Cup 31st"]
[Site "Sibenik"]
[Date "2012.06.08"]
[Round "9"]
[White "Neubauer, Martin"]
[Black "Rapport, Richard"]
[Result "1/2-1/2"]
[WhiteElo "2415"]
[BlackElo "2577"]
[PlyCount "20"]
[EventDate "2012.05.31"]
[EventType "team-tourn"]
[EventRounds "9"]
[EventCountry "CRO"]
[Source "ChessBase"]
[SourceDate "2012.06.22"]
[WhiteTeam "Austria"]
[BlackTeam "Hungary"]
[WhiteTeamCountry "AUT"]
[BlackTeamCountry "HUN"]

1. d4 Nf6 2. Nf3 b6 3. Bg5 e6 4. e4 h6 5. Bxf6 Qxf6 6. Bd3 Bb7 7. Nbd2 d6 8.
Qe2 Qd8 9. O-O-O Be7 10. Kb1 c6 1/2-1/2

[Event "Mitropa Cup 31st"]
[Site "Sibenik"]
[Date "2012.06.08"]
[Round "9"]
[White "Bosiocic, Marin"]
[Black "Housieaux, David"]
[Result "1/2-1/2"]
[WhiteElo "2555"]
[BlackElo "2452"]
[PlyCount "49"]
[EventDate "2012.05.31"]
[EventType "team-tourn"]
[EventRounds "9"]
[EventCountry "CRO"]
[Source "ChessBase"]
[SourceDate "2012.06.22"]
[WhiteTeam "Croatia"]
[BlackTeam "France"]
[WhiteTeamCountry "CRO"]
[BlackTeamCountry "FRA"]

1. d4 Nf6 2. c4 g6 3. Nc3 Bg7 4. e4 d6 5. f4 O-O 6. Nf3 c5 7. d5 e6 8. Be2 exd5
9. cxd5 Re8 10. e5 dxe5 11. fxe5 Ng4 12. e6 fxe6 13. d6 Bd7 14. O-O Qb6 15. Ne4
Rf8 16. Nfg5 Bd4+ 17. Kh1 Nf6 18. Nxf6+ Rxf6 19. Rxf6 Bxf6 20. Qf1 Qd8 21. Ne4
Bd4 22. Bg5 Qf8 23. Bf3 Qf5 24. Qe2 Bc6 25. Re1 1/2-1/2

[Event "Mitropa Cup 31st"]
[Site "Sibenik"]
[Date "2012.06.08"]
[Round "9"]
[White "Doric, Darko"]
[Black "Aguettaz, Maxime"]
[Result "1-0"]
[WhiteElo "2513"]
[BlackElo "2443"]
[PlyCount "35"]
[EventDate "2012.05.31"]
[EventType "team-tourn"]
[EventRounds "9"]
[EventCountry "CRO"]
[Source "ChessBase"]
[SourceDate "2012.06.22"]
[WhiteTeam "Croatia"]
[BlackTeam "France"]
[WhiteTeamCountry "CRO"]
[BlackTeamCountry "FRA"]

1. d4 b6 2. Bg5 Bb7 3. Nd2 h6 4. Bh4 g5 5. Bg3 Bg7 6. e3 Nf6 7. h4 gxh4 8. Bxh4
d6 9. Ngf3 Nbd7 10. Bd3 c5 11. c3 Qc7 12. Qc2 h5 13. O-O-O Bh6 14. Kb1 Rg8 15.
Bg3 Bxe3 16. Nc4 cxd4 17. cxd4 Nd5 18. Nxe3 1-0

[Event "Mitropa Cup 31st"]
[Site "Sibenik"]
[Date "2012.06.08"]
[Round "9"]
[White "Dubessay, Bastien"]
[Black "Martinovic, Sasa"]
[Result "0-1"]
[WhiteElo "2384"]
[BlackElo "2504"]
[PlyCount "54"]
[EventDate "2012.05.31"]
[EventType "team-tourn"]
[EventRounds "9"]
[EventCountry "CRO"]
[Source "ChessBase"]
[SourceDate "2012.06.22"]
[WhiteTeam "France"]
[BlackTeam "Croatia"]
[WhiteTeamCountry "FRA"]
[BlackTeamCountry "CRO"]

1. d4 Nf6 2. c4 g6 3. Nc3 Bg7 4. e4 d6 5. f3 O-O 6. Nge2 c5 7. d5 e6 8. Ng3
exd5 9. cxd5 h5 10. Bg5 Qb6 11. Qd2 Nh7 12. Bh4 Nd7 13. Be2 g5 14. Bxg5 Nxg5
15. Qxg5 Qxb2 16. Rc1 Nf6 17. Nd1 Qb4+ 18. Kf2 h4 19. Rc4 hxg3+ 20. hxg3 Qb1
21. Qh4 b5 22. Rc3 Re8 23. Ne3 Qb2 24. Rc2 Qd4 25. Rd1 Qa4 26. g4 Bd7 27. Rcd2
Rxe4 0-1

[Event "Mitropa Cup 31st"]
[Site "Sibenik"]
[Date "2012.06.08"]
[Round "9"]
[White "Libiszewski, Fabien"]
[Black "Kuljasevic, Davorin"]
[Result "1/2-1/2"]
[WhiteElo "2495"]
[BlackElo "2574"]
[PlyCount "23"]
[EventDate "2012.05.31"]
[EventType "team-tourn"]
[EventRounds "9"]
[EventCountry "CRO"]
[Source "ChessBase"]
[SourceDate "2012.06.22"]
[WhiteTeam "France"]
[BlackTeam "Croatia"]
[WhiteTeamCountry "FRA"]
[BlackTeamCountry "CRO"]

1. c4 e6 2. g3 Nf6 3. Bg2 d5 4. Nf3 Be7 5. O-O O-O 6. b3 c5 7. Bb2 Nc6 8. e3 b6
9. Nc3 Ba6 10. d3 Rc8 11. a3 Qc7 12. cxd5 1/2-1/2

[Event "Mitropa Cup 31st"]
[Site "Sibenik"]
[Date "2012.06.08"]
[Round "9"]
[White "Cvek, Robert"]
[Black "Zueger, Beat"]
[Result "1/2-1/2"]
[WhiteElo "2563"]
[BlackElo "2413"]
[PlyCount "120"]
[EventDate "2012.05.31"]
[EventType "team-tourn"]
[EventRounds "9"]
[EventCountry "CRO"]
[Source "ChessBase"]
[SourceDate "2012.06.22"]
[WhiteTeam "Czech Republic"]
[BlackTeam "Switzerland"]
[WhiteTeamCountry "CZE"]
[BlackTeamCountry "SUI"]

1. c4 e5 2. Nc3 Nf6 3. Nf3 Nc6 4. a3 g6 5. g3 Bg7 6. Bg2 O-O 7. O-O Re8 8. d3
d6 9. Bg5 h6 10. Bxf6 Bxf6 11. Rb1 Nd4 12. Nd2 Bg7 13. b4 Ne6 14. e3 h5 15. h4
f5 16. b5 e4 17. Nd5 Nc5 18. Nf4 Kh7 19. Qc2 a6 20. dxe4 fxe4 21. Nb3 Nxb3 22.
Rxb3 Bf5 23. bxa6 b6 24. Rb5 Qd7 25. Rxf5 Qxf5 26. Nd5 Ra7 27. Qa4 Qc8 28. Qc6
Re5 29. Rb1 Qxa6 30. Qd7 Qxc4 31. Nf6+ Kh6 32. Ne8 Rxe8 33. Qxe8 d5 34. Bh3
Rxa3 35. g4 Qa4 36. Qe6 hxg4 37. Bxg4 Ra1 38. h5 Rxb1+ 39. Kg2 Rg1+ 40. Kxg1
Qa1+ 41. Kg2 Qf6 42. Qxf6 Bxf6 43. hxg6 Kxg6 44. f3 d4 45. exd4 e3 46. d5 Bg5
47. f4 Bxf4 48. Kf3 Bh6 49. Ke4 b5 50. Be2 b4 51. Kd4 Kf5 52. d6 c5+ 53. Kxc5
b3 54. d7 Bg5 55. Kd4 b2 56. d8=Q Bxd8 57. Kxe3 Bb6+ 58. Kd2 b1=N+ 59. Kc2 Na3+
60. Kb3 Bc5 1/2-1/2

[Event "Mitropa Cup 31st"]
[Site "Sibenik"]
[Date "2012.06.08"]
[Round "9"]
[White "Lombard, Andre"]
[Black "Biolek, Richard"]
[Result "1/2-1/2"]
[WhiteElo "2353"]
[BlackElo "2412"]
[PlyCount "79"]
[EventDate "2012.05.31"]
[EventType "team-tourn"]
[EventRounds "9"]
[EventCountry "CRO"]
[Source "ChessBase"]
[SourceDate "2012.06.22"]
[WhiteTeam "Switzerland"]
[BlackTeam "Czech Republic"]
[WhiteTeamCountry "SUI"]
[BlackTeamCountry "CZE"]

1. d4 Nc6 2. Nf3 d5 3. e3 Bg4 4. Be2 e6 5. O-O Nf6 6. b3 Bd6 7. Bb2 Ne7 8. c4
c6 9. Nbd2 O-O 10. h3 Bh5 11. Ne5 Bxe2 12. Qxe2 Ne4 13. cxd5 exd5 14. Nxe4 dxe4
15. f3 exf3 16. Rxf3 f5 17. Raf1 Bxe5 18. dxe5 Qa5 19. Qc4+ Qd5 20. Qh4 Rae8
21. Qg3 Qe6 22. Ba3 Rf7 23. e4 f4 24. Rxf4 Rxf4 25. Qxf4 Ng6 26. Qf2 b6 27. Bd6
h6 28. b4 Nxe5 29. Bxe5 Qxe5 30. Re1 Kh7 31. a3 Re6 32. Qe3 Rd6 33. Rc1 Rd4 34.
Rxc6 Rd1+ 35. Kf2 Qb2+ 36. Kg3 Qe5+ 37. Kf2 Qb5 38. Qe2 Qxc6 39. Qxd1 Qxe4 40.
Qf3 1/2-1/2

[Event "Mitropa Cup 31st"]
[Site "Sibenik"]
[Date "2012.06.08"]
[Round "9"]
[White "Sermier, Guillaume"]
[Black "Plat, Vojtech"]
[Result "1/2-1/2"]
[WhiteElo "2411"]
[BlackElo "2485"]
[PlyCount "56"]
[EventDate "2012.05.31"]
[EventType "team-tourn"]
[EventRounds "9"]
[EventCountry "CRO"]
[Source "ChessBase"]
[SourceDate "2012.06.22"]
[WhiteTeam "Switzerland"]
[BlackTeam "Czech Republic"]
[WhiteTeamCountry "SUI"]
[BlackTeamCountry "CZE"]

1. Nf3 Nf6 2. c4 g6 3. Nc3 d5 4. d4 Bg7 5. e3 O-O 6. Be2 c5 7. dxc5 Qa5 8. cxd5
Nxd5 9. Qxd5 Bxc3+ 10. Bd2 Rd8 11. Qxd8+ Qxd8 12. Bxc3 Nc6 13. O-O Bf5 14. Rfd1
Qc7 15. Rac1 a5 16. a3 a4 17. Nd4 Be4 18. f3 Nxd4 19. Rxd4 Bf5 20. Bb4 Rd8 21.
Rxd8+ Qxd8 22. Rd1 Qc7 23. Bb5 f6 24. Bxa4 Qe5 25. e4 Be6 26. Rd2 Qf4 27. Bb5
Qe3+ 28. Kf1 Qb3 1/2-1/2

[Event "Mitropa Cup 31st"]
[Site "Sibenik"]
[Date "2012.06.08"]
[Round "9"]
[White "Simacek, Pavel"]
[Black "Rosenthal, Jonathan"]
[Result "1/2-1/2"]
[WhiteElo "2460"]
[BlackElo "2325"]
[PlyCount "119"]
[EventDate "2012.05.31"]
[EventType "team-tourn"]
[EventRounds "9"]
[EventCountry "CRO"]
[Source "ChessBase"]
[SourceDate "2012.06.22"]
[WhiteTeam "Czech Republic"]
[BlackTeam "Switzerland"]
[WhiteTeamCountry "CZE"]
[BlackTeamCountry "SUI"]

1. e4 c6 2. d4 d5 3. Nd2 dxe4 4. Nxe4 Bf5 5. Ng3 Bg6 6. h4 h6 7. Nf3 Nd7 8. h5
Bh7 9. Bd3 Bxd3 10. Qxd3 e6 11. Bf4 Qa5+ 12. Bd2 Bb4 13. c3 Be7 14. c4 Qc7 15.
O-O-O Ngf6 16. Rhe1 O-O 17. Nf5 Bd6 18. Nxd6 Qxd6 19. g3 Rfd8 20. Bf4 Qb4 21.
Bc7 Rdc8 22. a3 Qe7 23. Be5 Ng4 24. Re2 b5 25. c5 Ngxe5 26. Nxe5 Nxe5 27. Rxe5
Rd8 28. Qe4 Qb7 29. b3 Rd5 30. Rxd5 exd5 31. Qe5 Rd8 32. Re1 Kf8 33. Qf5 Re8
34. Rxe8+ Kxe8 35. Qe5+ Kf8 36. Kd2 Qc8 37. Ke3 Qd8 38. Kf3 Kg8 39. Kg2 Kf8 40.
a4 a6 41. a5 Kg8 42. b4 Kf8 43. g4 Kg8 44. Kg3 Kf8 45. Kf3 Kg8 46. Kf4 Kh8 47.
g5 hxg5+ 48. Qxg5 Qe8 49. Qe5 Qd8 50. Kg3 Kg8 51. f4 Kh7 52. Kg4 Kg8 53. Kh3
Kh7 54. Kg3 Kg8 55. Kg4 Kh7 56. Qg5 Qe8 57. Qf5+ Kg8 58. Qe5 Qd8 59. Kg3 Kh7
60. Kg4 1/2-1/2

[Event "Mitropa Cup 31st"]
[Site "Sibenik"]
[Date "2012.06.08"]
[Round "9"]
[White "Jurcik, Marian"]
[Black "Huschenbeth, Niclas"]
[Result "1-0"]
[WhiteElo "2491"]
[BlackElo "2521"]
[PlyCount "57"]
[EventDate "2012.05.31"]
[EventType "team-tourn"]
[EventRounds "9"]
[EventCountry "CRO"]
[Source "ChessBase"]
[SourceDate "2012.06.22"]
[WhiteTeam "Slovakia"]
[BlackTeam "Germany"]
[WhiteTeamCountry "SVK"]
[BlackTeamCountry "GER"]

1. c4 e5 2. Nc3 Nf6 3. Nf3 Nc6 4. a3 e4 5. Ng5 Qe7 6. d3 exd3 7. Qxd3 Ne5 8.
Qc2 d6 9. e4 h6 10. Nf3 g6 11. Be2 Nxf3+ 12. gxf3 Bg7 13. Be3 O-O 14. Rg1 Re8
15. O-O-O a6 16. f4 Nxe4 17. Nd5 Qd8 18. Bd3 Bf5 19. Kb1 Rb8 20. Ba7 c6 21. Ne3
Ra8 22. Nxf5 gxf5 23. Bd4 f6 24. f3 c5 25. fxe4 cxd4 26. exf5 Qe7 27. Rg3 Kh8
28. Rdg1 Rg8 29. Be4 1-0

[Event "Mitropa Cup 31st"]
[Site "Sibenik"]
[Date "2012.06.08"]
[Round "9"]
[White "Mazur, Stefan"]
[Black "Wagner, Dennis"]
[Result "1-0"]
[WhiteElo "2391"]
[BlackElo "2424"]
[PlyCount "65"]
[EventDate "2012.05.31"]
[EventType "team-tourn"]
[EventRounds "9"]
[EventCountry "CRO"]
[Source "ChessBase"]
[SourceDate "2012.06.22"]
[WhiteTeam "Slovakia"]
[BlackTeam "Germany"]
[WhiteTeamCountry "SVK"]
[BlackTeamCountry "GER"]

1. e4 c5 2. Nf3 e6 3. d4 cxd4 4. Nxd4 a6 5. Be2 Nf6 6. Nc3 Qc7 7. O-O d6 8. a4
b6 9. f4 Bb7 10. Bf3 Nbd7 11. Be3 e5 12. Nf5 h6 13. fxe5 dxe5 14. Qd2 Nc5 15.
Nd5 Nxd5 16. exd5 g6 17. d6 Qd7 18. Bxc5 bxc5 19. Bxb7 Qxb7 20. Qc3 f6 21. Nh4
Bxd6 22. Rxf6 O-O-O 23. Nxg6 Rhe8 24. Rd1 Qc7 25. Qc4 Qc6 26. Rd5 Kb8 27. Nxe5
Qc7 28. Qxa6 Rxe5 29. Rdxd6 Rxd6 30. Rxd6 Re1+ 31. Kf2 Qf7+ 32. Kxe1 Qe7+ 33.
Kd1 1-0

[Event "Mitropa Cup 31st"]
[Site "Sibenik"]
[Date "2012.06.08"]
[Round "9"]
[White "Brunello, Sabino"]
[Black "Lenic, Luka"]
[Result "1/2-1/2"]
[WhiteElo "2592"]
[BlackElo "2632"]
[PlyCount "100"]
[EventDate "2012.05.31"]
[EventType "team-tourn"]
[EventRounds "9"]
[EventCountry "CRO"]
[Source "ChessBase"]
[SourceDate "2012.06.22"]
[WhiteTeam "Italy"]
[BlackTeam "Slovenia"]
[WhiteTeamCountry "ITA"]
[BlackTeamCountry "SLO"]

1. e4 c5 2. Nf3 Nc6 3. Bb5 Nf6 4. Nc3 Qc7 5. O-O e6 6. Re1 d6 7. d4 cxd4 8. Nd5
Qd8 9. Nxd4 Bd7 10. Bg5 a6 11. Ba4 h6 12. Bh4 b5 13. Nxc6 Bxc6 14. Nxf6+ gxf6
15. Bb3 h5 16. Qd3 Be7 17. Rad1 Qb6 18. Qg3 Qc5 19. Qg7 Rf8 20. Bxf6 Bxf6 21.
Qxf6 Qe5 22. Qh4 Rg8 23. f3 a5 24. c3 Rd8 25. Rd4 Qc5 26. Kh1 Qg5 27. Qf2 Ke7
28. Red1 h4 29. a4 h3 30. gxh3 Rh8 31. axb5 Bxb5 32. Rg1 Qf4 33. Rg3 Rc8 34.
Ba4 Rc5 35. Bxb5 Rxb5 36. Rd2 Rhb8 37. Rg4 Qh6 38. Kg2 Qxd2 39. Qxd2 Rxb2 40.
Qxb2 Rxb2+ 41. Kg3 Rb8 42. h4 Ra8 43. Kf4 a4 44. Rg2 a3 45. Ra2 Kf6 46. c4 e5+
47. Kg4 Rg8+ 48. Kh3 Ra8 49. Kg4 Rg8+ 50. Kh3 Ra8 1/2-1/2

[Event "Mitropa Cup 31st"]
[Site "Sibenik"]
[Date "2012.06.08"]
[Round "9"]
[White "Dvirnyy, Daniyl"]
[Black "Borisek, Jure"]
[Result "0-1"]
[WhiteElo "2515"]
[BlackElo "2539"]
[PlyCount "82"]
[EventDate "2012.05.31"]
[EventType "team-tourn"]
[EventRounds "9"]
[EventCountry "CRO"]
[Source "ChessBase"]
[SourceDate "2012.06.22"]
[WhiteTeam "Italy"]
[BlackTeam "Slovenia"]
[WhiteTeamCountry "ITA"]
[BlackTeamCountry "SLO"]

1. e4 e5 2. Nf3 Nc6 3. Bb5 Nf6 4. O-O Nxe4 5. Re1 Nd6 6. Nxe5 Be7 7. Bd3 Nxe5
8. Rxe5 O-O 9. Nc3 Bf6 10. Re3 Re8 11. b3 c6 12. Ba3 Rxe3 13. fxe3 Ne8 14. Qh5
g6 15. Qh6 Bg7 16. Qf4 d5 17. Rf1 Be6 18. Ne2 Qf6 19. Qb4 Qd8 20. Qxb7 Qc8 21.
Qe7 Qd8 22. Qc5 Qb6 23. Rf4 Nc7 24. Ra4 Qb7 25. Nd4 Bd7 26. Qe7 Nb5 27. Nxb5
cxb5 28. Rf4 f5 29. Bxf5 gxf5 30. Rxf5 Bc6 31. Qe6+ Kh8 32. Rf7 Qc8 33. Qe7 Qg4
34. Bb2 d4 35. Rxg7 Qd1+ 36. Kf2 Qxd2+ 37. Kg3 Qxg2+ 38. Kf4 Qxh2+ 39. Kg5 Re8
40. Qxe8+ Bxe8 41. Bxd4 Qg3+ 0-1

[Event "Mitropa Cup 31st"]
[Site "Sibenik"]
[Date "2012.06.08"]
[Round "9"]
[White "Sebenik, Matej"]
[Black "Godena, Michele"]
[Result "1/2-1/2"]
[WhiteElo "2573"]
[BlackElo "2521"]
[PlyCount "111"]
[EventDate "2012.05.31"]
[EventType "team-tourn"]
[EventRounds "9"]
[EventCountry "CRO"]
[Source "ChessBase"]
[SourceDate "2012.06.22"]
[WhiteTeam "Slovenia"]
[BlackTeam "Italy"]
[WhiteTeamCountry "SLO"]
[BlackTeamCountry "ITA"]

1. c4 e5 2. Nc3 Bb4 3. Nd5 Be7 4. d4 exd4 5. Qxd4 Nf6 6. Nxe7 Qxe7 7. Qe3 Nc6
8. Qxe7+ Kxe7 9. f3 d6 10. e4 Be6 11. Bd2 Nd7 12. Bc3 f6 13. O-O-O a5 14. b3 a4
15. Kb2 axb3 16. axb3 Nc5 17. Ne2 b5 18. cxb5 Bxb3 19. Ra1 Rxa1 20. Kxa1 Ra8+
21. Kb1 Na7 22. Nd4 Ba4 23. Kc1 Nb3+ 24. Nxb3 Bxb3 25. Kd2 Ba4 26. Bd3 Nxb5 27.
Bb2 c5 28. g4 Nc7 29. g5 fxg5 30. h4 g4 31. fxg4 Bb5 32. Bxb5 Nxb5 33. Bxg7 Rg8
34. Rb1 Rxg7 35. Rxb5 Rxg4 36. Rb7+ Ke6 37. Rxh7 Rxe4 38. Kd3 Kd5 39. h5 Rh4
40. Ke3 Rh3+ 41. Kf2 Kd4 42. Kg2 Re3 43. Rg7 c4 44. h6 Re8 45. h7 Rh8 46. Kf2
d5 47. Ke2 Kc3 48. Kd1 d4 49. Rg3+ d3 50. Rg7 Ra8 51. Ra7 Rf8 52. Rf7 Rb8 53.
Rb7 Rh8 54. Rg7 Rf8 55. Rf7 Rh8 56. Rg7 1/2-1/2

[Event "Mitropa Cup 31st"]
[Site "Sibenik"]
[Date "2012.06.08"]
[Round "9"]
[White "Skoberne, Jure"]
[Black "Shytaj, Luca"]
[Result "1-0"]
[WhiteElo "2535"]
[BlackElo "2496"]
[PlyCount "79"]
[EventDate "2012.05.31"]
[EventType "team-tourn"]
[EventRounds "9"]
[EventCountry "CRO"]
[Source "ChessBase"]
[SourceDate "2012.06.22"]
[WhiteTeam "Slovenia"]
[BlackTeam "Italy"]
[WhiteTeamCountry "SLO"]
[BlackTeamCountry "ITA"]

1. c4 e6 2. g3 d5 3. Bg2 Nf6 4. Nf3 d4 5. O-O Nc6 6. d3 Be7 7. Na3 O-O 8. Nc2
a5 9. e3 dxe3 10. fxe3 e5 11. d4 exd4 12. exd4 Bg4 13. Be3 Ne4 14. Qd3 f5 15.
d5 Bf6 16. Ncd4 Nb4 17. Qd1 Re8 18. Ne6 Qd7 19. a3 Na6 20. h3 f4 21. Ne5 Bxe5
22. Qxg4 Nf6 23. Qg5 Bxb2 24. Ra2 fxe3 25. Rxb2 Qe7 26. Qxe3 b6 27. Rbf2 Nc5
28. Qg5 h6 29. Qg6 Ncd7 30. Rf5 Rab8 31. g4 Nf8 32. Qxg7+ Qxg7 33. Nxg7 Kxg7
34. Rxf6 Re7 35. d6 cxd6 36. Rxd6 Nd7 37. Bd5 b5 38. cxb5 Nb6 39. Be6 Na4 40.
Bf5 1-0

[Event "Mitropa Cup (Women) 10th"]
[Site "Meissen"]
[Date "2013.06.01"]
[Round "1.4"]
[White "Kochetkova, Julia"]
[Black "Hapala, Lisa"]
[Result "1-0"]
[WhiteElo "2348"]
[BlackElo "2038"]
[PlyCount "59"]
[EventDate "2013.06.01"]
[EventType "team-tourn"]
[EventRounds "9"]
[EventCountry "GER"]
[Source "ChessBase"]
[SourceDate "2013.06.25"]
[WhiteTeam "Slovakia (W)"]
[BlackTeam "Austria (W)"]
[WhiteTeamCountry "SVK"]
[BlackTeamCountry "AUT"]

1. e4 e5 2. Nf3 Nc6 3. d4 exd4 4. Nxd4 Nf6 5. Nxc6 bxc6 6. e5 Qe7 7. Qe2 Nd5 8.
c4 Nb6 9. Nc3 a5 10. Bd2 Ba6 11. b3 a4 12. g3 Qe6 13. Bg2 Bb4 14. O-O O-O 15.
Rae1 axb3 16. axb3 Rfe8 17. Qh5 Qg6 18. Qd1 Bb7 19. h4 f6 20. exf6 Qxf6 21. Ne4
Qf8 22. Bxb4 Qxb4 23. Qh5 Qf8 24. Ng5 h6 25. Be4 d5 26. Qg6 hxg5 27. Qh7+ Kf7
28. Bg6+ Kf6 29. hxg5+ Kxg5 30. Qh5+ 1-0